| 000 | 00647nam a2200193 4500 | ||
|---|---|---|---|
| 001 | 115865 | ||
| 003 | ES-MaACL | ||
| 005 | 20231228173803.0 | ||
| 007 | t| | ||
| 008 | 061121s1954 sp r ||||1| spa d | ||
| 100 | 1 |
_aOrs, Eugenio d', _d1881-1954 _987358 |
|
| 245 | 1 | 3 |
_aLa bien plantada / _cEugenio d'Ors ; traducción de Rafael Marquina. |
| 260 |
_aBarcelona : _bExito, _c1954. |
||
| 300 |
_a249 p., 4 lám. ; _c20 cm. |
||
| 500 | _aContiene además con portada propia: Gualba, la de mil voces. Oceanografía del tedio. | ||
| 700 | 1 |
_aMarquina, Rafael. _9139054 |
|
| 852 |
_aES-MaACL _jC-9272 _bR.36122 |
||
| 999 |
_c115865 _d115865 |
||